[Event "Kimberley Extravaganza op"]
[Site "Kimberley"]
[Date "2024.09.29"]
[Round "9"]
[White "Teeke, Karabo"]
[Black "Nevin, Tyler"]
[Result "1-0"]
[WhiteElo "1886"]
[BlackElo "2025"]
[PlyCount "63"]
[EventDate "2024.09.25"]
[EventType "swiss"]
[EventRounds "9"]
[EventCountry "RSA"]
[SourceTitle "EXT 2025"]
[Source "ChessBase"]
[SourceDate "2024.10.14"]
[SourceVersion "1"]
[SourceVersionDate "2024.10.14"]
[SourceQuality "1"]

1. d4 Nf6 2. c4 e6 3. g3 c5 4. Nf3 b6 5. Bg2 Bb7 6. 0-0 cxd4 7. Nxd4 Bxg2 8. Kxg2 Qc7 9. b3 a6 10. Ba3 Bxa3 11. Nxa3 0-0 12. Rc1 Rd8 13. Qd3 d6 14. Rfd1 Nbd7 15. f4 e5 16. Nf5 Nc5 17. Qf3 e4 18. Qc3 Ne6 19. Nc2 Rac8 20. Nce3 Rd7 21. Nd5 Nxd5 22. Rxd5 b5 23. Qe3 g6 24. Nh6+ Kg7 25. Ng4 f6 26. f5 gxf5 27. Qh6+ Kh8 28. Rxf5 Rf7 29. Rxf6 Rxf6 30. Qxf6+ Ng7 31. Nh6 Qd7 32. Rf1 1-0

[Event "Kimberley Extravaganza op"]
[Site "Kimberley"]
[Date "2024.09.28"]
[Round "8"]
[White "Selepe, Lwazi"]
[Black "Teeke, Karabo"]
[Result "1/2-1/2"]
[WhiteElo "1898"]
[BlackElo "1886"]
[PlyCount "208"]
[EventDate "2024.09.25"]
[EventType "swiss"]
[EventRounds "9"]
[EventCountry "RSA"]
[SourceTitle "EXT 2025"]
[Source "ChessBase"]
[SourceDate "2024.10.14"]
[SourceVersion "1"]
[SourceVersionDate "2024.10.14"]
[SourceQuality "1"]

1. e4 c5 2. Nf3 g6 3. c3 Bg7 4. d4 cxd4 5. cxd4 Nf6 6. Nc3 0-0 7. Be2 d6 8. h3 Nc6 9. 0-0 Bd7 10. Be3 a6 11. Qd2 Rc8 12. Rfd1 Na5 13. b3 b5 14. e5 Ne8 15. Nd5 Nc6 16. Bg5 f6 17. Bh4 Bf5 18. a4 Be4 19. axb5 axb5 20. Nb4 dxe5 21. Nxc6 Bxc6 22. dxe5 Qxd2 23. Rxd2 fxe5 24. Bxe7 Rf7 25. Bb4 Rf4 26. Be7 Rf7 27. Bg5 Rf5 28. Be3 Bxf3 29. gxf3 e4 30. fxe4 Rxf2 31. Kxf2 Bxa1 32. Bxb5 Nf6 33. Kf3 Nh5 34. Bc4+ Kg7 35. Rd7+ Kh8 36. Bd4+ Bxd4 37. Rxd4 Rf8+ 38. Ke3 Nf4 39. e5 g5 40. Rd7 Re8 41. Kd4 h5 42. Bf7 Ne2+ 43. Kd5 Rb8 44. Kd6 Nf4 45. e6 Nxe6 46. Bxe6 g4 47. hxg4 hxg4 48. Ra7 Rb5 49. Ra4 Kg7 50. Rxg4+ Kf6 51. Rf4+ Kg6 52. Bc4 Rb8 53. b4 Kg5 54. Re4 Rxb4 55. Ke5 Ra4 56. Kd4 Kf5 57. Re7 Kf6 58. Rf7+ Kg6 59. Rf2 Kg5 60. Kd3 Ra3+ 61. Ke4 Ra4 62. Rg2+ Kf6 63. Kd5 Ra5+ 64. Kd6 Kf5 65. Be6+ Kf4 66. Rg4+ Kf3 67. Rb4 Rg5 68. Bd5+ Ke3 69. Re4+ Kd3 70. Kc5 Rh5 71. Rg4 Ke3 72. Re4+ Kd3 73. Rf4 Re5 74. Rf3+ Re3 75. Rf5 Rg3 76. Rf8 Ke3 77. Kc4 Rh3 78. Kc3 Rg3 79. Re8+ Kf4+ 80. Kd4 Rg5 81. Be4 Ra5 82. Rf8+ Kg4 83. Bd5 Kg3 84. Ke5 Ra4 85. Rf3+ Kg4 86. Rf1 Kg3 87. Rg1+ Kf2 88. Rg2+ Ke3 89. Rg3+ Kf2 90. Rh3 Ke2 91. Be4 Kd2 92. Rd3+ Ke2 93. Rc3 Rb4 94. Kf4 Rd4 95. Rc2+ Rd2 96. Bf3+ Kd3 97. Be4+ Ke2 98. Rc8 Rd7 99. Rh8 Kd2 100. Rh2+ Kc3 101. Rc2+ Kb3 102. Rc6 Rd8 103. Ke3 Kb4 104. Rc1 Kb5 1/2-1/2

[Event "South African op"]
[Site "Cape Town"]
[Date "2022.07.09"]
[Round "2"]
[White "Louw, Llewellyn T"]
[Black "Teeke, Karabo"]
[Result "0-1"]
[WhiteElo "1593"]
[BlackElo "1712"]
[PlyCount "60"]
[EventDate "2022.07.09"]
[EventType "swiss"]
[EventRounds "11"]
[EventCountry "RSA"]
[SourceTitle "CBM 209 Extra"]
[Source "ChessBase"]
[SourceDate "2022.09.30"]
[SourceVersion "1"]
[SourceVersionDate "2022.09.30"]
[SourceQuality "1"]

1. e4 c5 2. Nf3 g6 3. Nc3 Bg7 4. Bc4 Nc6 5. d3 d6 6. 0-0 Nf6 7. h3 a6 8. Bg5 0-0 9. Qc1 b5 10. Bd5 Bd7 11. Bh6 b4 12. Bxc6 Bxc6 13. Ne2 Rc8 14. Ng3 e6 15. Nh2 c4 16. Qf4 cxd3 17. cxd3 Bb5 18. Bg5 e5 19. Qh4 h5 20. Rfe1 Qe7 21. Re3 Qe6 22. Ne2 Nh7 23. Rg3 Bf6 24. f4 exf4 25. Nxf4 Bxg5 26. Rxg5 Qf6 27. Nf3 Nxg5 28. Nxg5 Rc5 29. Nd5 Qd4+ 30. Kh1 Rxd5 0-1